33 Poesies : hispàniques, internacionals, íntimes ... / Joaquim Cases-Carbó hispàniques, internacionals, íntimes ... / Joaquim Cases-Carbó
Descripción Física:
187 p., [2] f. de làm. : il. ; 20 cm
MARC
| LEADER | 00000nam a2200000Ia 4500 | ||
|---|---|---|---|
| 001 | 13965 | ||
| 008 | 160829s1936 xx 000 0 cat d | ||
| 080 | |a L-1-393 | ||
| 100 | 1 | |a Cases-Carbó, Joaquim, |d 1858-1943 |9 24314 | |
| 245 | |a 33 Poesies : |b hispàniques, internacionals, íntimes ... / Joaquim Cases-Carbó | ||
| 260 | |a Barcelona : |b Catalònia, |c 1936 | ||
| 300 | |a 187 p., [2] f. de làm. : |b il. ; |c 20 cm | ||
| 901 | |a Arxiu | ||
| 942 | |n 1 | ||
| 952 | |0 0 |1 0 |4 0 |6 L1393 |7 1 |9 43074 |a Arxiu |b Arxiu |d 2016-12-01 |l 0 |o L-1-393 |p 13965 |r 2016-12-01 00:00:00 |w 2016-12-01 |y ARXIU | ||
| 999 | |c 45618 |d 45618 | ||